000 01211nab a22002177a 4500
999 _c5948
_d5948
003 OSt
005 20260114022956.0
008 190605e xxu||||| |||| 00| 0 spa d
040 _cPJ
100 _96793
_aAren, Rodrigo Diego Luis
245 1 0 _aRégimen remuneratorio del viajante vendedor. Análisis de la antigüedad y la garantía mínima mensual /
_cRodrigo Diego Luis Aren.
260 _aCiudad Autónoma de Buenos Aires :
_bThomson Reuters La Ley,
_c2024.
300 _ap. 108-117
500 _aCita: TR LALEY AR/DOC/2997/2023.
505 _aSumario: I. Cuestiones preliminares.— II. La remuneración. Concepto.— III. La remuneración de los viajantes vendedores.— IV. La Garantía Mínima Mensual.— V. La antigüedad en las relaciones laborales.— VI. La antigüedad y su incidencia en la garantía mínima mensual.— VII. Conclusiones.
505 _t¿Te interesa el texto completo? Solicitalo al correo: koha@justierradelfuego.gov.ar
650 0 _91316
_aDERECHO LABORAL
650 0 _91362
_aVIAJANTES DE COMERCIO
773 0 _02711
_93168
_dCiudad Autónoma de Buenos Aires : Thomson Reuters La Ley, 1999-2002.
_tRevista de derecho del trabajo. Nº 3 - Mayo 2024
942 _2udc
_cANA